Фелиция Вильмар, или Изображение человеческой жизни, (Запись № 6099106)

Подробности
000 -МАРКЕР
контрольное поле 01545nam1a22003371 4500
001 - ИДЕНТИФИКАТОР ЗАПИСИ
контрольное поле v19\rc\2103334
005 - ИДЕНТИФИКАТОР ВЕРСИИ
контрольное поле 20111019130831.9
035 ## - ДРУГИЕ СИСТЕМНЫЕ НОМЕРА
Идентификатор записи (NLR Aleph) 005281099
100 ## - ДАННЫЕ ОБЩЕЙ ОБРАБОТКИ
Данные общей обработки 20090914d1805 |||y0rusy50 ca
101 1# - ЯЗЫК РЕСУРСА
Язык текста, звукозаписи и т.д. русский
Язык оригинала французский
102 ## - СТРАНА ПУБЛИКАЦИИ ИЛИ ПРОИЗВОДСТВА
Страна публикации Российская Федерация
105 ## - ПОЛЕ КОДИРОВАННЫХ ДАННЫХ: ТЕКСТОВЫЕ МАТЕРИАЛЫ, МОНОГРАФИЧЕСКИЕ
Кодированные данные о монографическом текстовом документе y z |||a|
200 1# - ЗАГЛАВИЕ И СВЕДЕНИЯ ОБ ОТВЕТСТВЕННОСТИ
Основное заглавие Фелиция Вильмар, или Изображение человеческой жизни,
Сведения, относящиеся к заглавию Роман г-на Бланшарда.
Первые сведения об ответственности Перевел с французскаго Андрей Чеботарев
210 ## - ПУБЛИКАЦИЯ, РАСПРОСТРАНЕНИЕ И ДР.
Место издания, распространения и т.д. Москва
Имя издателя, распространителя и т. д. в Университетской типографии, иждивением Любия, Гария и Попова
Дата издания, распространения и т.д. 1805
215 ## - ФИЗИЧЕСКАЯ ХАРАКТЕРИСТИКА
Размеры 12° (19 см)
300 ## - ОБЩИЕ ПРИМЕЧАНИЯ
Текст примечания Общ. загл. ч. 2: Фелиция Вильмар, роман гна Бланшарда
300 ## - ОБЩИЕ ПРИМЕЧАНИЯ
Текст примечания Ч. 2-3 пер. Н.Ф. Кошанский
321 1# - ПРИМЕЧАНИЯ ОБ ОТДЕЛЬНО ИЗДАННЫХ УКАЗАТЕЛЯХ / РЕФЕРАТАХ / ССЫЛКАХ, ОТРАЖАЮЩИХ КАТАЛОГИЗИРУЕМЫЙ ДОКУМЕНТ
Примечания об указателях, рефератах, ссылках СК 1801-1825 678
517 1# - ДРУГИЕ ВАРИАНТЫ ЗАГЛАВИЯ
Вариант заглавия Изображение человеческой жизни
700 #1 - ИМЯ ЛИЦА - ПЕРВИЧНАЯ ОТВЕТСТВЕННОСТЬ
Связь между полями z01790
Начальный элемент ввода Бланшар
Часть имени, кроме начального элемента ввода П.
Даты 1772-1856
Расширение инициалов личного имени Пьер
702 #1 - ИМЯ ЛИЦА - ВТОРИЧНАЯ ОТВЕТСТВЕННОСТЬ
Начальный элемент ввода Чеботарев
Часть имени, кроме начального элемента ввода А. Х.
Даты 1784-1833
Расширение инициалов личного имени Андрей Харитонович
Код отношения Переводчик
702 #1 - ИМЯ ЛИЦА - ВТОРИЧНАЯ ОТВЕТСТВЕННОСТЬ
Начальный элемент ввода Кошанский
Часть имени, кроме начального элемента ввода Н. Ф.
Даты ок. 1781-1832
Расширение инициалов личного имени Николай Федорович
Идентификатор авторитетной/нормативной записи RU\NLR\AUTH\770273264
Код отношения Переводчик
790 #1 - ИМЯ ЛИЦА - АЛЬТЕРНАТИВНАЯ ФОРМА
Связь между полями z01700
Начальный элемент ввода Бланшард
Даты 1772-1856
801 #0 - ИСТОЧНИК ЗАПИСИ
Страна Российская Федерация
Организация NLR
Дата составления 20090914
Правила каталогизации psbo
801 #1 - ИСТОЧНИК ЗАПИСИ
Страна Российская Федерация
Организация ProSoft-M
Дата составления 20090914
Источник данных rusmarc
801 #2 - ИСТОЧНИК ЗАПИСИ
Страна Российская Федерация
Организация NLR
Дата составления 20111019
Источник данных rusmarc
852 ## - МЕСТОНАХОЖДЕНИЕ И ШИФР ХРАНЕНИЯ
Идентификатор организации NLR
Шифр хранения (Call Number) 18.265.4.10
852 ## - МЕСТОНАХОЖДЕНИЕ И ШИФР ХРАНЕНИЯ
Идентификатор организации NLR
Шифр хранения (Call Number) 138/240
942 ## - ДОПОЛНИТЕЛЬНЫЕ ЭЛЕМЕНТЫ ЗАПИСИ (АБИС)
Тип экземпляра АБИС Книга
980 ## - КОЛЛЕКЦИЯ
Название коллекции Национальная библиография

Нет доступных экземпляров.